Fortuna Düsseldorf Squad 2018-2019 - Statistics

General Stats
  • This quiz has been taken 22 times
  • The average score is 19 of 32
Answer Stats
# Position Nation Player % Correct
9 FW Belgium Benito Raman
100%
20 FW Belgium Dodi Lukebakio
90%
39 DF Germany Jean Zimmer
90%
5 DF Turkey Kaan Ayhan
90%
1 GK Germany Michael Rensing
90%
3 DF Germany Andre Hoffmann
85%
27 FW Poland Dawid Kownacki
85%
11 FW Turkey Kenan Karaman
85%
28 FW Germany Rouwen Hennings
85%
25 DF Germany Matthias Zimmermann
80%
13 MF Poland Adam Bodzek
75%
- Coach Germany Friedhelm Funkel
75%
7 MF Germany Oliver Fink
75%
33 FW Japan Takashi Usami
75%
6 MF United States Alfredo Morales
65%
8 MF Morocco Aymen Barkok
60%
16 FW Norway Håvard Nielsen
60%
22 MF Austria Kevin Stöger
60%
30 GK Germany Raphael Wolf
60%
31 MF Germany Marcel Sobottka
55%
19 FW Croatia Davor Lovren
50%
16 GK Czech Republic Jaroslav Drobný
50%
14 DF Austria Markus Suttner
50%
23 DF Germany Niko Gießelmann
50%
10 FW Germany Marvin Ducksch
40%
32 DF Germany Robin Bormuth
35%
26 DF Germany Diego Contento
30%
21 FW Sweden Emir Kujović
30%
35 DF Poland Marcin Kamiński
30%
40 MF Canada Kianz Froese
15%
38 GK Germany Tim Wiesner
15%
24 DF Germany Georgios Siadas
0%
No matching quizzes found
Score Distribution
Percent of People with Each Score
Percentile by Number Answered
Your Score History
You have not taken this quiz